000
00312nam a22001337a 4500
008
180920b xxu||||| |||| 00| 0 eng d
020
_a
086656658
041
_a
eng
080
_a
316
100
_a
51
101
_a
SOC
245
_a
Women Power And Therapy Issues For Women
_c
Braude.M
942
_2
udc
_c
BK
999
_c
48095
_d
48095